Notice des collections du Musée de Marine exposées dans les galeries du Musée Impérial du Louvre / (Record no. 160177)

MARC details
000 -LEADER
campo de control de longitud fija 00852nam a22002055i 4500
001 - NÚMERO DE CONTROL
campo de control 160177
003 - IDENTIFICADOR DE NÚMERO DE CONTROL
campo de control ES-MaACL
005 - FECHA Y HORA DE LA ÚLTIMA TRANSACCIÓN
campo de control 20230906211946.0
008 - DATOS DE LONGITUD FIJA--INFORMACIÓN GENERAL
campo de control de longitud fija 040922s1866 fr |||| | fre d
040 ## - FUENTE DE CATALOGACIÓN
Centro catalogador/agencia de origen CAM
Lengua de catalogación spa
Centro/agencia transcriptor CAM
100 1# - ENTRADA PRINCIPAL--NOMBRE DE PERSONA
Nombre de persona Morel-Fatio, L.
9 (RLIN) 130163
245 10 - MENCIÓN DEL TÍTULO
Título Notice des collections du Musée de Marine exposées dans les galeries du Musée Impérial du Louvre /
Mención de responsabilidad, etc. par L. Morel-Fatio.
260 ## - PUBLICACIÓN, DISTRIBUCIÓN, ETC.
Lugar de publicación, distribución, etc. Paris :
Nombre del editor, distribuidor, etc. [s.n.],
Fecha de publicación, distribución, etc. 1865 (
Fabricante Charles de Mourgues frères)
300 ## - DESCRIPCIÓN FÍSICA
Extensión v. ;
Dimensiones 18 cm.
500 ## - NOTA GENERAL
Nota general En la antep. consta: Musée Imperial du Louvre, Maison de l'Empereur.
505 8# - NOTA DE CONTENIDO CON FORMATO
Nota de contenido con formato Contiene: 1re partie, Musée Naval (XIV, 211 p.)
596 ## - NOTA AL PIE DE IMPRENTA
NOTA AL PIE DE IMPRENTA En el pie de imp. de la cub. original consta la fecha: 1866.
610 24 - PUNTO DE ACCESO ADICIONAL DE MATERIA--NOMBRE DE ENTIDAD CORPORATIVA
Nombre de entidad corporativa o nombre de jurisdicción como elemento de entrada Musée de la Marine (Paris)
9 (RLIN) 134708
852 ## - LOCALIZACIÓN
Ubicación ES-MaACL
Número de control de estantería D-1800
Nota libre -- Enc. hol. conservando la cub. original
Holdings
Estatus retirado Estado de pérdida Estado de daño No para préstamo Colección Biblioteca de origen Biblioteca actual Ubicación en estantería Fecha de adquisición Fuente de adquisición Total de préstamos Signatura topográfica completa Código de barras Visto por última vez Precio de reemplazo Tipo de ítem Koha
        Libros del s. XIX Biblioteca del Ateneo de Madrid Biblioteca del Ateneo de Madrid Sala Valle Inclán 17/01/2008     D-1800 901167695 23/02/2023 23/02/2023 Libro impreso antiguo